Antología: La diversidad cultural como una forma de aprendizaje
Salvato in:
| Ente Autore: | |
|---|---|
| Altri autori: | , , , , , |
| Natura: | Libro |
| Lingua: | Spanish |
| Soggetti: | |
| Tags: |
Aggiungi Tag
Nessun Tag, puoi essere il primo ad aggiungerne!!
|
MARC
| LEADER | 00000nam a22000007a 4500 | ||
|---|---|---|---|
| 003 | cru IIS | ||
| 005 | 20220303152916.0 | ||
| 008 | 220302b2009 cr ||||| |||| 00| 0 spa d | ||
| 040 | |a cru IIS | ||
| 090 | |a 05.02.01 A634a | ||
| 110 | 1 | |9 10256 |a Costa Rica. Ministerio de Educación | |
| 245 | 0 | 3 | |a Antología: |b La diversidad cultural como una forma de aprendizaje |
| 650 | 0 | 7 | |0 TESAUROS |
| 650 | 0 | 0 | |2 OCDE |9 944 |a EDUCACION |0 TESAUROS |
| 650 | 0 | 0 | |2 OCDE |9 5178 |a ASPECTOS CULTURALES |0 TESAUROS |
| 650 | 0 | 0 | |9 5477 |a INVESTIGACION EDUCATIVA |0 TESAUROS |
| 650 | 0 | 4 | |9 3211 |a METODOLOGIA |0 TESAUROS |
| 700 | 1 | |9 10257 |a Navarro Valverde, Yirlanny |4 compiladora | |
| 700 | 1 | |9 10258 |a Aguero Castillo, Jazmín |4 compiladora | |
| 700 | 1 | |9 10260 |a Sagastizabal, M. Ángeles | |
| 700 | 1 | |9 10259 |a Aguado, Teresa | |
| 700 | 1 | |9 10261 |a Hall, Stuart | |
| 700 | 1 | |9 8095 |a Jiménez, Alexánder | |
| 942 | |2 z |c LI | ||
| 999 | |c 44115 |d 44115 | ||
